| 000 | 00561nam a22001937a 4500 | ||
|---|---|---|---|
| 003 | OSt | ||
| 005 | 20250813120721.0 | ||
| 008 | 250813b |||||||| |||| 00| 0 eng d | ||
| 020 | _a0-687-16540-7 | ||
| 040 | _cSBCL | ||
| 082 |
_a253 _bSTO-H |
||
| 100 | _aStone,Howard.W | ||
| 245 | _aHandbook For Basic Types Of Pastoral Care & Counseling | ||
| 250 | _a2nd ed. | ||
| 260 |
_aNashville _bAbingdom Press _c1993 |
||
| 300 | _a368p. | ||
| 650 |
_2Religion _aLocal Christian church and religious orders _vPastoral work (Pastoral theology |
||
| 942 | _cBOOK | ||
| 999 |
_c137369 _d137369 |
||